MARC details
| 000 -CABECERA |
| campo de control de longitud fija |
01919nam a2200325 i 4500 |
| 001 - NÚMERO DE CONTROL |
| campo de control |
000020757 |
| 003 - IDENTIFICADOR DEL NÚMERO DE CONTROL |
| campo de control |
DO-SdBNP |
| 005 - FECHA Y HORA DE LA ÚLTIMA TRANSACCIÓN |
| campo de control |
20260515191621.0 |
| 007 - CAMPO FIJO DE DESCRIPCIÓN FÍSICA--INFORMACIÓN GENERAL |
| campo de control de longitud fija |
ta |
| 008 - DATOS DE LONGITUD FIJA--INFORMACIÓN GENERAL |
| campo de control de longitud fija |
100813n201? dr gr 001 0dspa d |
| 040 ## - FUENTE DE LA CATALOGACIÓN |
| Centro catalogador/agencia de origen |
DO-SdBNP |
| Lengua de catalogación |
spa |
| Centro/agencia transcriptor |
BNPHU |
| Normas de descripción |
rda |
| 041 ## - CÓDIGO DE LENGUA |
| Código de lengua del texto/banda sonora o título independiente |
spa |
| 082 #4 - NÚMERO DE LA CLASIFICACIÓN DECIMAL DEWEY |
| Número de clasificación |
972.9304092 |
| Número de documento/Ítem |
M385a |
| Número de edición |
23 |
| 100 1# - ENTRADA PRINCIPAL--NOMBRE DE PERSONA |
| Nombre de persona |
Martínez, Mamerto |
| 9 (RLIN) |
43515 |
| Código de función/relación |
aut. |
| Término indicativo de función/relación |
autor |
| 245 10 - MENCIÓN DE TÍTULO |
| Título |
"Andando por la verdad, se llega a la libertad" : |
| Resto del título |
Juan Pablo Duarte, en el mundo espiritual / |
| Mención de responsabilidad, etc. |
Mamerto Martínez |
| 260 ## - PUBLICACIÓN, DISTRIBUCIÓN, ETC. |
| Lugar de publicación, distribución, etc. |
Santo Domingo : |
| Nombre del editor, distribuidor, etc. |
Medina & Asociado, |
| Fecha de publicación, distribución, etc. |
[2015] |
| 300 ## - DESCRIPCIÓN FÍSICA |
| Extensión |
173 páginas ; |
| Dimensiones |
24 cm |
| 336 ## - TIPO DE CONTENIDO |
| Término de tipo de contenido |
texto |
| Código de tipo de contenido |
txt |
| Fuente |
rdacontent |
| 337 ## - TIPO DE MEDIO |
| Nombre/término del tipo de medio |
sin mediación |
| Código del tipo de medio |
n |
| Fuente |
rdamedia |
| 338 ## - TIPO DE SOPORTE |
| Nombre/término del tipo de soporte |
volumen |
| Código del tipo de soporte |
nc |
| Fuente |
rdacarrier |
| 500 ## - NOTA GENERAL |
| Nota general |
Incluye datos biográficos del autor en la contracubierta. |
| 505 ## - NOTA DE CONTENIDO CON FORMATO |
| Nota de contenido con formato |
Prefacio -- Introducción -- La biblia en nuestra bandera-- Juan Pablo Duarte , un elegido para la historia -- En la Ruta hacia la libertad -- Y se encontro con el Dios de la biblia -- Viajando atravéz de la biblia -- Entre vientos huracanados -- Ovejas y lobos -- Con Dios en el corazón y con la biblia en la mano -- Tomemos el camino de la verdad. |
| 520 ## - SUMARIO, ETC. |
| Sumario, etc. |
En el transcurso de esta obra el autor nos lleva de la mano por caminos no conocidos ni planteados por historidadores sobre los verdaderos origenes de la gesta independentista dominicana; la fe en el Dios todopoderoso del gestor del proyecto (Duarte), y el plan de Dios de implantar Quisqueya un altar que contrarrestara las fuerzas demoníacas traídas de las tierras africanas y que aún hoy ejercen fuertes influencias. |
| 590 ## - NOTA LOCAL (RLIN) |
| Nota local |
Inventariado 2023 / MF |
| 600 10 - PUNTO DE ACCESO ADICIONAL DE MATERIA--NOMBRE DE PERSONA |
| Nombre de persona |
Duarte, Juan Pablo, |
| Fechas asociadas al nombre |
1813-1876 |
| 9 (RLIN) |
1494 |
| Subdivisión general |
Pensamiento religioso |
| 650 #7 - PUNTO DE ACCESO ADICIONAL DE MATERIA--TÉRMINO DE MATERIA |
| Término de materia o nombre geográfico como elemento de entrada |
Identidad nacional |
| Fuente del encabezamiento o término |
Lemb |
| 9 (RLIN) |
2163 |
| Subdivisión general |
Aspectos religiosos |
| Subdivisión geográfica |
República Dominicana |
| 651 ## - PUNTO DE ACCESO ADICIONAL DE MATERIA--NOMBRE GEOGRÁFICO |
| Nombre geográfico |
República Dominicana |
| Subdivisión general |
Historia |
| Subdivisión de forma |
Aspectos religiosos |
| 9 (RLIN) |
89612 |
| 910 ## - DATOS DE OPCIÓN DEL USUARIO (OCLC) |
| Datos de opción del usuario |
MFeliz |
| 942 ## - ELEMENTOS DE PUNTO DE ACCESO ADICIONAL (KOHA) |
| Fuente del sistema de clasificación o colocación |
Dewey Decimal Classification |
| Tipo de ítem Koha |
Libro |